01064nam0a22002651 4500001001100000005001700011021001900028035002600047100004100073101000800114102000700122105001800129200011400147210003500261215002300296300013300319606007000452701003900522701002900561701007600590702007300666801001800739801002200757852001900779rc\455518420250612115333.0 aRUb[65-78404] a(NLR Aleph) 008643707 a20130416d1965 |||y0rusy50 ca0 arus aRU aa z |||||1 aЛекционные демонстрации по физикеfПод ред. В.И. Ивероновой aМоскваcНаукаd1965 a572 с.cил.d22 aПеред загл. авт.: М.А. Грабовский, А.Б. Млодзеевский, Р.В. Телеснин и др. aФизикаxЛекционные демонстрации2psbo 1aМлодзеевскийbА.Б. 1aТелеснинbР.В. 1aГрабовскийbМ.А.gМихаил Александрович 1aИвероноваbВ.И.gВалентина Ивановна4340 0aRUbNLRgpsbo 1aRUbELAR2rusmarc aNLRj65-5/4813